000 00720cam a2200181 i 4500
005 20251201123507.0
008 250721s9999 le gr 000 0 ara d
082 1 4 _a210.4213343
_bم ح م
100 1 _aمحمد، عبد الرحيم أبو الفضل
_eمعد.
245 1 0 _aدليل الرحمن للوقاية من الإصابة بالعين والسحر والشيطان والجان /
_cإعداد عبد الرحيم أبو الفضل محمد.
264 3 1 _aبيروت :
_bدار الكتب العلمية،
_c[بين 1995 و 2000].
300 _a103 صفحة.
650 1 7 _aالإسلام.
650 1 7 _aالسحر والتجيم.
700 1 _eمعد.
942 _2ddc
_cBK
999 _c78444
_d78444